|
|
|
|
| LEADER |
01655nam a2200301 a 4500 |
| 001 |
GR-Patra17004 |
| 008 |
040304s2001 gr g 000 0 gre d |
| 020 |
|
|
|a 9603870668
|
| 040 |
|
|
|a GrPaTEI
|b gre
|c GR-PaULI
|
| 040 |
|
|
|a GrPaTEI
|b gre
|c GR-PaULI
|
| 082 |
|
0 |
|a 652.55369
|2 21
|
| 100 |
1 |
|
|a Mulbery, Keith
|
| 245 |
1 |
0 |
|a Ελληνικό Microsoft Word 2000 στην εκπαίδευση /
|c [Keith Mulbery] ; μετάφραση: Βάλια Καλαϊτζή.
|
| 260 |
|
|
|a Αθήνα :
|b Γκιούρδας,
|c 2001
|
| 300 |
|
|
|a xxix, 349σ. +
|e 1 Cd-Rom
|
| 500 |
|
|
|a Περιέχει ένα Cd-Rom
|
| 500 |
|
|
|a Τίτλος πρωτοτύπου: Word 2000 essentials basic
|
| 500 |
|
|
|a Τμήμα Επιχειρηματικού σχεδιασμού και πληροφοριακών συστημάτων: 24214
|
| 610 |
2 |
4 |
|a Τμήμα Επιχειρηματικού Σχεδιασμού και Πληροφοριακών Συστημάτων
|
| 650 |
|
4 |
|a ΗΛΕΚΤΡΟΝΙΚΟΙ ΥΠΟΛΟΓΙΣΤΕΣ-ΕΠΕΞΕΡΓΑΣΤΕΣ ΚΕΙΜΕΝΟΥ (WORD)
|
| 650 |
1 |
0 |
|a WORD 2000
|
| 700 |
1 |
|
|a Καλαϊτζή, Βάλια
|
| 710 |
0 |
|
|a Γκιούρδας
|
| 942 |
|
|
|2 ddc
|
| 952 |
|
|
|0 1
|1 0
|2 ddc
|4 0
|6 652_553690000000000_ΕΛΛ
|7 0
|9 296685
|a LISK
|b LISK
|c BSC
|d 2021-01-17
|e 24
|f 0
|g 0.00
|l 0
|o 652.55369 ΕΛΛ
|p 92410024463
|r 2021-01-17 00:00:00
|t 1
|w 2021-01-17
|y BK15
|x 20040305 0 1
|x GrPaTEI
|
| 952 |
|
|
|0 0
|1 0
|2 ddc
|4 0
|6 652_553690000000000_ΕΛΛ
|7 1
|9 296686
|a LISK
|b LISK
|c BSC
|d 2021-01-17
|e 24
|f 0
|g 0.00
|l 0
|o 652.55369 ΕΛΛ
|p 92410024214
|r 2021-01-17 00:00:00
|t 1
|w 2021-01-17
|y BKN
|x 20040304 0 0
|x GrPaTEI
|
| 971 |
|
|
|a .b26645191
|b 16-04-20
|c 23-09-16
|
| 999 |
|
|
|c 172924
|d 172924
|